01184nam a2200313Ia 4500001001200000003000800012006001900020007001500039008004100054020002400095040002100119035002100140050002500161082001800186100002400204245010600228250001200334260004300346300002300389504006400412533015200476650001400628650001600642655002900658700002300687710001700710856012600727999001700853ebr10409641CaPaEBRm u cr cn|||||||||080110s2008 onca sb 001 0 eng d z1550093479 (pbk.) : aCaPaEBRcCaPaEBR a(OCoLC)48060361314aQH323.5b.N67 2008eb04a570.151952221 aNorman, Geoffrey R.10aBiostatisticsh[electronic resource] :bthe bare essentials /cGeoffrey R. Norman, David L. Streiner. a3rd ed. aHamilton, Ont. :bB.C. Decker,cc2008. axi, 393 p. :bill. aIncludes bibliographical references (p. 347-354) and index. aElectronic reproduction.bPalo Alto, Calif. :cebrary,d2010.nAvailable via World Wide Web.nAccess may be limited to ebrary affiliated libraries. 0aBiometry. 0aStatistics. 7aElectronic books.2local1 aStreiner, David L.2 aebrary, Inc.40uhttp://site.ebrary.com/lib/rucke/Doc?id=10409641zAn electronic book accessible through the World Wide Web; click to view c80381d80381